Blitzed! : the autobiography of Steve Strange /

Gespeichert in:
Bibliographische Detailangaben
1. Verfasser: Strange, Steve
Format: Buch
Sprache:Englisch
Tags: Tag hinzufügen
Keine Tags, Fügen Sie das erste Tag hinzu!

MARC

LEADER 00000nam a22000007i 4500
001 IT\ICCU\UBO\3832329
003 ItRI
005 20260115231820.0
008 101217s2002 xxk|||||| ||||| |||||c
020 |a 0752847201 
040 |b ita  |c importazione bologna sebina 
041 7 |a eng  |2 ISO-639-2 
100 1 |a Strange, Steve  |0 IT\ICCU\UBOV\383039 
245 1 0 |a Blitzed! :  |b the autobiography of Steve Strange /  |c [Steve Strange] - London : Orion, 2002. -X, 197 p. : ill. ; 24 cm. 
942 |2 ddc  |c BK  |n 0 
952 |0 0  |1 0  |4 0  |6 DOC_782_421000000000000_STR  |7 0  |9 13413  |a BO  |b BO  |d 2026-01-15  |i 14164  |l 0  |o DOC 782.421 STR  |p BO14164  |r 2026-01-15 23:18:20  |w 2026-01-15  |x [Sebina 5] [1 v.]  |y BK  |z 1 v. 
999 |c 11524  |d 11524